000 00497nam a2200169Ia 4500
008 090201s9999 xx 000 0 und d
010 _aKPL-37067
040 _bमराठी
041 _aमराठी
082 _a29611
_b37067
100 _aअरुण हरकारे
245 _aकामिनी
_cअरुण हरकारे
260 _c2004
_bरावजी प्रकाशन
300 _a192
_bमोठा
600 _aकामिनी
942 _cBOOK
999 _c228215
_d228215